| 000 | 00714nam a2200217 a 4500 | ||
|---|---|---|---|
| 001 | 000045563 | ||
| 005 | 20240530073923.0 | ||
| 008 | 150415s2015 dr 000 f spa d | ||
| 020 | _a9789945589498 | ||
| 040 |
_aDO-SdBNP _bspa _cBNPHU |
||
| 082 |
_aRD863.44 _bB891v |
||
| 100 | 1 |
_aBrugal Kunhardt, Manuel, _d1946- _973621 |
|
| 245 | 1 | 3 |
_aLo que vieron las casas victorianas / _cManuel Brugal Kunhardt. |
| 260 |
_aSanto Domingo : _bSantuario, _c2015. |
||
| 300 |
_a247 p. ; _c23 cm. |
||
| 500 | _aIncluye datos biográficos del autor en las solapas | ||
| 590 | _aInventariado, 2020/MFF | ||
| 650 | 0 |
_aNovela dominicana _9223 |
|
| 650 | 0 |
_aLiteratura dominicana. _967 |
|
| 910 | _aValidado. Control de calidad MFF | ||
| 999 |
_c45052 _d45052 |
||